Guidance on the costing of environmental pollution from construction (Record no. 102062)
[ view plain ]
| 000 -LEADER | |
|---|---|
| fixed length control field | 01156cam a2200301 4500 |
| 008 - FIXED-LENGTH DATA ELEMENTS--GENERAL INFORMATION | |
| fixed length control field | 020501n2002 000 0 eng u |
| 020 ## - INTERNATIONAL STANDARD BOOK NUMBER | |
| International Standard Book Number | 0860175650 |
| 035 ## - SYSTEM CONTROL NUMBER | |
| System control number | (Sirsi) u117803 |
| 041 ## - LANGUAGE CODE | |
| Language code of text/sound track or separate title | eng. |
| 050 ## - LIBRARY OF CONGRESS CALL NUMBER | |
| Classification number | 614.7 |
| 100 ## - MAIN ENTRY--PERSONAL NAME | |
| Personal name | Postle, M. |
| 110 ## - MAIN ENTRY--CORPORATE NAME | |
| Corporate name or jurisdiction name as entry element | Construction Industry Research and Information Association |
| 9 (RLIN) | 4810 |
| 245 ## - TITLE STATEMENT | |
| Title | Guidance on the costing of environmental pollution from construction |
| 260 ## - PUBLICATION, DISTRIBUTION, ETC. | |
| Place of publication, distribution, etc. | London |
| Name of publisher, distributor, etc. | CIRIA |
| Date of publication, distribution, etc. | 2002 |
| 300 ## - PHYSICAL DESCRIPTION | |
| Extent | 126p. |
| Dimensions | 30cm. |
| 490 ## - SERIES STATEMENT | |
| Series statement | CIRIA |
| Volume/sequential designation | C565 |
| 520 ## - SUMMARY, ETC. | |
| Summary, etc. | Pollution poses increasing business risks. This guidance sets out simple methods for evaluating pollution potential and costs during pre-contract risk assessment. It can also be used by companies to analyse information on specific pollution incidents, and to build up a database to inform future decisions on environmental investment. |
| 650 ## - SUBJECT ADDED ENTRY--TOPICAL TERM | |
| Topical term or geographic name entry element | RISK ASSESSMENTS |
| 650 ## - SUBJECT ADDED ENTRY--TOPICAL TERM | |
| Topical term or geographic name entry element | BUILT ENVIRONMENT |
| 650 ## - SUBJECT ADDED ENTRY--TOPICAL TERM | |
| Topical term or geographic name entry element | SUSTAINABLE CONSTRUCTION |
| 650 ## - SUBJECT ADDED ENTRY--TOPICAL TERM | |
| Topical term or geographic name entry element | POLLUTION |
| 650 ## - SUBJECT ADDED ENTRY--TOPICAL TERM | |
| Topical term or geographic name entry element | COSTS |
| 650 ## - SUBJECT ADDED ENTRY--TOPICAL TERM | |
| Topical term or geographic name entry element | ENVIRONMENTAL ISSUES |
| 650 ## - SUBJECT ADDED ENTRY--TOPICAL TERM | |
| Topical term or geographic name entry element | WASTE MANAGEMENT |
| 690 ## - LOCAL SUBJECT ADDED ENTRY--TOPICAL TERM (OCLC, RLIN) | |
| Topical term or geographic name as entry element | BUILT ENVIRONMENT |
| 700 ## - ADDED ENTRY--PERSONAL NAME | |
| Personal name | Vernon, J. |
| 942 ## - ADDED ENTRY ELEMENTS (KOHA) | |
| Suppress in OPAC | 0 |
| Withdrawn status | Lost status | Source of classification or shelving scheme | Damaged status | Not for loan | Home library | Current library | Shelving location | Date acquired | Total Checkouts | Full call number | Barcode | Date last seen | Date last checked out | Copy number | Price effective from | Koha item type |
|---|---|---|---|---|---|---|---|---|---|---|---|---|---|---|---|---|
| Dewey Decimal Classification | London | London | Folio | 01/05/2002 | 1 | CIRIA REPORTS | 30065822 | 18/03/2024 | 25/06/2004 | 1 | 06/08/2019 | Book |